LEADER 04470nam 2200721 450 001 9910143562503321 005 20221206162701.0 010 $a1-280-27534-0 010 $a9786610275342 010 $a0-470-31551-2 010 $a0-471-71596-4 010 $a0-471-71595-6 024 7 $a10.1002/0471715964 035 $a(CKB)1000000000355318 035 $a(EBL)225810 035 $a(SSID)ssj0000153665 035 $a(PQKBManifestationID)11178377 035 $a(PQKBTitleCode)TC0000153665 035 $a(PQKBWorkID)10393281 035 $a(PQKB)10362205 035 $a(MiAaPQ)EBC225810 035 $a(CaBNVSL)mat05201877 035 $a(IDAMS)0b0000648104ae4a 035 $a(IEEE)5201877 035 $a(OCoLC)85820397 035 $a(EXLCZ)991000000000355318 100 $a20151221d2005 uy 101 0 $aeng 135 $aur|n|---||||| 181 $ctxt 182 $cc 183 $acr 200 10$aFatal exit $ethe automotive black box debate /$fThomas M. Kowalick 210 1$aPiscataway, New Jersey :$cIEEE Press,$dc2005. 210 2$a[Piscataqay, New Jersey] :$cIEEE Xplore,$d[2005] 215 $a1 online resource (501 p.) 300 $aDescription based upon print version of record. 311 $a0-471-69807-5 320 $aIncludes bibliographical references (p. 441-469) and index. 327 $aAcknowledgments. -- Foreword. -- Introduction. -- I. SYMPTOMS OF A PROBLEM. -- 1 Question Everything. -- 2 Nothing Happens for the First Time: 1969-1998. -- 3 Shifting Gears: April 1998-September 2002. -- 11. SAFETY DEBATE. -- 4 NHTSA Call for Comments: October 2002. -- 5 Things Are Further Away in the Dark: December 2002. -- 6 Blowin' the Horn: January 2003. -- 111. SOCIETAL I S S U E S. -- 7 Cruise Control: February 2003. -- 8 Turn Signals: February to March 2003. -- 9 Speed Bumps: March to November 2003. -- 10 Legal and Privacy Issues: 1999-2004. -- 11 Pros and Cons and Customers of Safety Data and NHTSA Rulemaking. -- 12 The Road Ahead: Automotive's Second Century. -- Glossary of Acronyms and Abbreviations. -- Glossary of Terms. -- Other Resources. -- Standards. -- Chronology. -- Notes. -- Bibliography. -- Index. 330 $aFATAL EXIT is the first and only book documenting the decades-long debate among the automotive industry, government regualtors, and safety and privacy advocates over what the public terms "automobile black boxes". The book briefly traces the history of the debate from 1974 to 2004, and then clearly presents opposing viewpoints for and against the widespread use of emerging Motor Vehicle Event Data Recorder (MVEDR) technology. The arguments are followed by proposals to proceed with developing and utilizing the technology in ways that are both effective and respectful of individual privacy. The reader of this book will be able to develop an informed opinion as to the usefulness of MVEDRs and thus contribute intelligently to the debate as the United States Congress considers legislation that mandates this technology. In the United States 220,935,000 registered owners of motor vehicles are becoming aware of black box technology through newspaper and magazine articles, and television news stories. Many understand that these boxes already exist in 40 million cars. Yet motorists still have many questions and concerns about widespread use of the technology. As the only book of its kind, written by an insider and expert on the subject, FATAL EXIT provides an invaluable resource for anyone interested in why these devices have caused such international controversy. 606 $aTraffic accidents$xResearch$zUnited States$xEquipment and supplies 606 $aAutomobiles$xCollision damage$zUnited States$vStatistics 606 $aAutomobiles$zUnited States$xSafety measures 606 $aAutomobile industry and trade$zUnited States 606 $aPrivacy, Right of$zUnited States 610 $aEvent data recorder 615 0$aTraffic accidents$xResearch$xEquipment and supplies. 615 0$aAutomobiles$xCollision damage 615 0$aAutomobiles$xSafety measures. 615 0$aAutomobile industry and trade 615 0$aPrivacy, Right of 676 $a363.12/565 676 $a363.12565 676 $a629.2826 700 $aKowalick$b Tom$0845521 801 0$bCaBNVSL 801 1$bCaBNVSL 801 2$bCaBNVSL 906 $aBOOK 912 $a9910143562503321 996 $aFatal exit$91887690 997 $aUNINA LEADER 01508 am 2200493 n 450 001 9910131266803321 005 20150407 010 $a2-8218-4473-5 024 7 $a10.4000/books.ifea.3774 035 $a(CKB)3710000000420094 035 $a(FrMaCLE)OB-ifea-3774 035 $a(oapen)https://directory.doabooks.org/handle/20.500.12854/51345 035 $a(PPN)189310405 035 $a(EXLCZ)993710000000420094 100 $a20150602j|||||||| ||| 0 101 0 $aspa 135 $auu||||||m|||| 181 $ctxt$2rdacontent 182 $cc$2rdamedia 183 $acr$2rdacarrier 200 13$aLa laguna de los villanos $eBolivia, Arequipa y Lizardo Montero en la Guerra del Pacífico (1881-1883) /$fDaniel Parodi Revoredo 210 $aLima $cInstitut français d?études andines$d2015 215 $a1 online resource (151 p.) 311 $a9972-42-388-3 606 $aWar of the Pacific, 1879-1884 610 $aBolivie 610 $aChili 610 $adiplomatie 610 $aMontero Lizardo 610 $aépoque républicaine 610 $aGuerre du Pacifique 610 $aArequipa 610 $aPérou 610 $aguerre 610 $aXIXe siècle 615 0$aWar of the Pacific, 1879-1884. 676 $a983.06/16 700 $aParodi Revoredo$b Daniel$01307826 701 $aParodi Revoredo$b Daniel$01307826 801 0$bFR-FrMaCLE 906 $aBOOK 912 $a9910131266803321 996 $aLa laguna de los villanos$93029040 997 $aUNINA LEADER 02008nas 2200601- 450 001 9910402053603321 005 20240126213016.0 011 $a2804-6250 035 $a(OCoLC)1111660981 035 $a(CKB)4100000008878841 035 $a(CONSER)--2022242559 035 $a(EXLCZ)994100000008878841 100 $a20190806a20069999 --- a 101 0 $afre 135 $aur||||||||||| 181 $ctxt$2rdacontent 182 $cc$2rdamedia 183 $acr$2rdacarrier 200 00$aCollection du CEPREMAP 210 1$aParis :$cÉditions Rue d'Ulm-Presses de l'École normale supérieure,$d2006- 215 $a1 online resource 300 $aEach volume has a distinctive title. 311 $a1951-7637 517 1 $aCollection du Centre pour la recherche économique et ses applications 517 1 $aOpuscules du CEPREMAP 531 1 $aCollect. CEPREMAP 606 $aEconomic policy$xMathematical models$vPeriodicals 606 $aEconomic policy$vPeriodicals 606 $aEconomic development$vPeriodicals 606 $aPolitique économique$vPériodiques 606 $aDéveloppement économique$vPériodiques 606 $aEconomic policy$xMathematical models$2fast$3(OCoLC)fst00902043 606 $aEconomic development$2fast$3(OCoLC)fst00901785 606 $aEconomic policy$2fast$3(OCoLC)fst00902025 608 $aPeriodical. 608 $aperiodicals.$2aat 608 $aPeriodicals.$2fast 608 $aPeriodicals.$2lcgft 608 $aPériodiques.$2rvmgf 615 0$aEconomic policy$xMathematical models 615 0$aEconomic policy 615 0$aEconomic development 615 6$aPolitique économique 615 6$aDéveloppement économique 615 7$aEconomic policy$xMathematical models. 615 7$aEconomic development. 615 7$aEconomic policy. 676 $a338.9 712 02$aCEPREMAP (Center), 906 $aJOURNAL 912 $a9910402053603321 996 $aCollection du Cepremap$91936796 997 $aUNINA